000
00209 a2200097 4500
001
59796
100
_a
245
_a
Dunya kay Azeem Aqwal (Urdu)
260
_a
Lahore
_b
Al Faisal
_c
2009
090
_c
36646
_d
36646
942
_a
NUST-CAE
_c
_c
29609
999
_c
294869
_d
294869